000 00246nam a2200097Ia 4500
001 737097
005 20250826163925.0
008 250824s9999 xx 000 0 und d
245 0 _aAZİZİN YOLCULUĞU
_cÖZGÜR GEZ
260 _bATLI KARINCA YAYINLARI
999 _c737097
_d737097